00629nmm a2200193Ia 4500008004100000020001800041041000800059100001900067245005300086264004400139300001800183490007200201650003200273700001900305700003600324856005100360942000700411999001700418251105s9999||||xx |||||||||||||||||und|| a9788476589908 aspa aBassols, Mario 0aGobernanza :b Teoría y prácticas colectivas a[Madrid, España] :bAnthropos, c2011 a270 páginas aPensamiento crítico / Pensamiento utópico: crítica y utopía aPolitical Science (General) aBassols, Mario1 a Mendoza, Cristóbal (coords.) uhttps://public.digitaliapublishing.com/a/13326 cCF c62579d62579